Staaten mit fünf Nachbarländern - Statistiken

Allgemein
  • Dieses Quiz wurde 45 mal gespielt
    27 seit der letzten Aktualisierung
  • Das Durchschnittsergebnis liegt bei 16 aus 21
Antwortstatistiken
Hint Antwort % Korrekt
Chile, Bolivien, Brasilien, Paraguay, Uruguay Argentinien
95%
Lettland, Litauen, Polen, Russland, Ukraine Belarus
90%
Argentinien, Brasilien, Chile, Paraguay, Peru Bolivien
90%
Griechenland, Nordmazedonien, Rumänien, Serbien, Türkei Bulgarien
90%
Armenien, Iran, Georgien, Russland, Türkei Aserbaidschan
80%
Bosnien und Herzegowina, Montenegro, Serbien, Slowenien, Ungarn Kroatien
80%
Albanien, Bulgarien, Griechenland, Kosovo, Serbien Nordmazedonien
80%
Albanien, Bosnien Herzegowina, Kroatien, Kosovo, Serbien Montenegro
75%
Bolivien, Brasilien, Chile, Ecuador, Kolumbien Peru
75%
Deutschland, Frankreich, Italien, Liechtenstein, Österreich Schweiz
75%
Österreich, Polen, Tschechien, Ungarn, Ukraine Slowakei
75%
Andorra, Frankreich, Marokko, Portugal, Vereinigtes Königreich Spanien
75%
China, Kirgisistan, Russland, Turkmenistan, Usbekistan Kasachstan
70%
Bangladesch, China, Indien, Laos, Thailand Myanmar
70%
Bulgarien, Moldawien, Serbien, Ungarn, Ukraine Rumänien
70%
Irak, Israel, Jordanien, Libanon, Türkei Syrien
70%
Afghanistan, Kasachstan, Kirgisistan, Tadschikistan, Turkmenistan Usbekistan
70%
Gambia, Guinea, Guinea Bissau, Mali, Mauretanien, Senegal
65%
Demokratische Republik Kongo, Kenia, Ruanda, Südsudan, Tansania Uganda
65%
Burkina Faso, Ghana, Guinea, Mali, Liberia Elfenbeinküste
60%
Angola, Demokratische Republik Kongo, Gabun, Kamerun, Zentralafrikanische Republik Republik Kongo
60%
Keine übereinstimmenden Quizze gefunden
Verteilung der Resultate
Anzahl Personen mit jedem Resultat
Perzentil nach korrekt beantworteten Fragen
Ihre Resultats-Entwicklung
Sie haben dieses Quiz seit der letzten Aktualisierung nicht gespielt